[Event "Championnat de France - Open A"]
[Site "VAL D ISERE"]
[Date "????.??.??"]
[Round "1.1"]
[White "Aout, Sebastien"]
[Black "Boursier, Julien"]
[Result "1-0"]
[WhiteElo "2198"]
[BlackElo "2052"]
[PlyCount "89"]

1. e4 e6 2. d4 d5 3. Nc3 dxe4 4. Nxe4 Nd7 5. Nf3 Ngf6 6. Bg5 Be7 7. Bxf6 Bxf6
8. Bd3 b6 9. Qe2 Bb7 10. O-O-O Qe7 11. Rhe1 O-O 12. h4 c5 13. c3 Rac8 14. Kb1
Rfd8 15. g4 g6 16. h5 cxd4 17. cxd4 Nf8 18. Qe3 Rd5 19. hxg6 hxg6 20. Nxf6+
Qxf6 21. Ne5 Ra5 22. g5 Qg7 23. Rc1 Nh7 24. Rxc8+ Bxc8 25. Rc1 Qf8 26. Rc7 Qd8
27. Qc1 Rc5 28. Rxc5 bxc5 29. Qxc5 Bb7 30. f4 Nf8 31. Ng4 Nd7 32. Qd6 Kg7 33.
Ne5 Qa5 34. Qxd7 Qe1+ 35. Kc2 Qf2+ 36. Kb3 Bd5+ 37. Ka3 Qxf4 38. Qxa7 Qf2 39.
Bxg6 Qe3+ 40. Bd3 Be4 41. Qxf7+ Kh8 42. g6 Qh6 43. Bxe4 Qe3+ 44. Bd3 Qe4 45.
Qh7# 1-0

[Event "Championnat de France - Open A"]
[Site "VAL D ISERE"]
[Date "????.??.??"]
[Round "1.2"]
[White "Henneteau, Jeremy"]
[Black "Depyl, Pascal"]
[Result "1/2-1/2"]
[WhiteElo "2052"]
[BlackElo "2190"]
[PlyCount "83"]

1. d4 d6 2. c4 e5 3. d5 f5 4. Nc3 Nf6 5. Nf3 g6 6. Qc2 Bg7 7. Bg5 O-O 8. e4 h6
9. Bxf6 Qxf6 10. Bd3 a5 11. a3 Na6 12. O-O f4 13. Nd2 g5 14. f3 h5 15. Kf2 g4
16. Ke2 Bh6 17. Rh1 Bd7 18. Raf1 Nc5 19. Nb3 Nxb3 20. Qxb3 Qd8 21. a4 Kh7 22.
Kd1 Qb8 23. Qc2 Qa7 24. Qf2 gxf3 25. Qxa7 Rxa7 26. gxf3 Rg8 27. Rfg1 Raa8 28.
Nb5 Bh3 29. Nxc7 Rac8 30. Rxg8 Rxg8 31. Bf1 Bd7 32. Nb5 Bf8 33. Ke2 Be7 34. h4
Rg6 35. b3 Bd8 36. Rh2 Bb6 37. Rg2 Bc5 38. Rxg6 Kxg6 39. Bg2 Kf6 40. Kf1 Kf7
41. Nc7 Bb6 42. Ne6 1/2-1/2

[Event "Championnat de France - Open A"]
[Site "VAL D ISERE"]
[Date "????.??.??"]
[Round "1.3"]
[White "Redon, Bruno"]
[Black "Ribeiro, Romain"]
[Result "1-0"]
[WhiteElo "2190"]
[BlackElo "2052"]
[PlyCount "69"]

1. Nc3 c5 2. e4 d6 3. f4 Nc6 4. Bb5 g6 5. Nf3 Bg7 6. O-O Bd7 7. d3 e6 8. f5
exf5 9. exf5 Bxf5 10. Nd5 Bd7 11. Bg5 f6 12. Qe2+ Nce7 13. Bc4 h6 14. Bf4 Bc6
15. Qe6 Qd7 16. Nc7+ Kd8 17. Nxa8 b5 18. Bb3 Nc8 19. Rae1 Nge7 20. Qf7 Rg8 21.
Bd2 b4 22. Nh4 f5 23. Be6 Qe8 24. Qxe8+ Rxe8 25. Bf7 Rf8 26. Bxg6 Bf6 27. Bxf5
Bxh4 28. Bxc8 Rg8 29. Bh3 Bxe1 30. Rxe1 h5 31. Bf4 Rg6 32. Nc7 Rxg2+ 33. Bxg2
Nf5 34. Nd5 Nh4 35. Re2 1-0

[Event "Championnat de France - Open A"]
[Site "VAL D ISERE"]
[Date "????.??.??"]
[Round "1.4"]
[White "Adam, Etienne"]
[Black "Aurel, Luc"]
[Result "1/2-1/2"]
[WhiteElo "2051"]
[BlackElo "2187"]
[PlyCount "81"]

1. e4 d6 2. d4 g6 3. Nc3 c6 4. Be3 Bg7 5. Qd2 b5 6. f3 a6 7. Nge2 Nd7 8. g4 Bb7
9. Ng3 Qc7 10. Qf2 b4 11. Nd1 c5 12. d5 Ngf6 13. h4 Ne5 14. Be2 Nxd5 15. exd5
Bxd5 16. O-O O-O 17. c3 a5 18. f4 Nc4 19. Bf3 Bxf3 20. Qxf3 e6 21. Kg2 d5 22.
Qf2 Rac8 23. f5 Rfe8 24. h5 Nxe3+ 25. Nxe3 bxc3 26. hxg6 hxg6 27. bxc3 d4 28.
Nc4 exf5 29. gxf5 Qc6+ 30. Qf3 dxc3 31. Nxa5 Qxf3+ 32. Rxf3 Ra8 33. f6 Bxf6 34.
Rxf6 Rxa5 35. Rf2 f5 36. Rc2 Rd8 37. Rxc3 Rd2+ 38. Kf3 Raxa2 39. Rxa2 Rxa2 40.
Rxc5 Kf7 41. Nxf5 1/2-1/2

[Event "Championnat de France - Open A"]
[Site "VAL D ISERE"]
[Date "????.??.??"]
[Round "1.5"]
[White "Debray, Christopher"]
[Black "Gey, Marc-Emile"]
[Result "1-0"]
[WhiteElo "2185"]
[BlackElo "2051"]
[PlyCount "71"]

1. d4 d5 2. c4 c6 3. Nc3 Nf6 4. Nf3 a6 5. cxd5 cxd5 6. Bf4 Nc6 7. e3 e6 8. Bd3
Bd6 9. Bg5 Be7 10. O-O O-O 11. Rc1 Bd7 12. Ne5 h6 13. Nxd7 Nxd7 14. Bf4 Bg5 15.
Bg3 Bh4 16. Ne2 Bxg3 17. Nxg3 Nf6 18. f4 Qb6 19. Qe2 Rac8 20. Bb1 Ne7 21. f5
Rxc1 22. Rxc1 Rc8 23. Rxc8+ Nxc8 24. fxe6 Qxe6 25. e4 dxe4 26. Nxe4 Nd6 27.
Nxf6+ Qxf6 28. Qf2 Qg5 29. Bd3 Qc1+ 30. Bf1 Qd1 31. Qf4 Ne8 32. Qe4 Nf6 33.
Qxb7 Qxd4+ 34. Kh1 Ne4 35. g3 Qf2 36. Qa8+ 1-0

[Event "Championnat de France - Open A"]
[Site "VAL D ISERE"]
[Date "????.??.??"]
[Round "1.6"]
[White "Charles, Gerald"]
[Black "Gelis, Dorian"]
[Result "0-1"]
[WhiteElo "2050"]
[BlackElo "2179"]
[PlyCount "62"]

1. Nf3 d6 2. d4 Nf6 3. c4 g6 4. Nc3 Bg7 5. e4 O-O 6. Be2 e5 7. O-O Nc6 8. d5
Ne7 9. b4 a5 10. bxa5 Rxa5 11. a4 Nh5 12. Ba3 Nf4 13. Bb4 Ra8 14. c5 Bg4 15.
cxd6 cxd6 16. Nb5 Nc8 17. Re1 f5 18. Bd3 Nxd3 19. Qxd3 fxe4 20. Rxe4 Bf5 21.
Nd2 Ra6 22. Qa3 Bxe4 23. Nxe4 Rf4 24. Nbxd6 Nxd6 25. Nxd6 Qb6 26. Bc5 Rfxa4 27.
Bxb6 Rxa3 28. Rxa3 Rxb6 29. Ra8+ Bf8 30. f4 Rxd6 31. fxe5 Rxd5 0-1

[Event "Championnat de France - Open A"]
[Site "VAL D ISERE"]
[Date "????.??.??"]
[Round "1.7"]
[White "Bouhlel, Mohamed"]
[Black "Martin, Joel"]
[Result "1-0"]
[WhiteElo "2178"]
[BlackElo "2048"]
[PlyCount "67"]

1. e4 c5 2. c3 d5 3. exd5 Qxd5 4. d4 Nc6 5. dxc5 Qxc5 6. Be3 Qd6 7. Qxd6 exd6
8. Na3 Nf6 9. Nb5 Nd5 10. Bc4 Nxe3 11. fxe3 Ne5 12. Be2 Kd7 13. Nf3 Nxf3+ 14.
Bxf3 a6 15. Nd4 Kc7 16. Bd5 f6 17. O-O Bd7 18. Rad1 Re8 19. e4 Re5 20. c4 Kb8
21. Rd3 Kc7 22. b4 Be7 23. a4 Rf8 24. Rc3 Kb8 25. a5 Rh5 26. Kh1 g6 27. Rcf3
Kc7 28. b5 f5 29. b6+ Kb8 30. g4 Rh4 31. gxf5 gxf5 32. Nxf5 Bxf5 33. Rxf5 Re8
34. Rf7 1-0

[Event "Championnat de France - Open A"]
[Site "VAL D ISERE"]
[Date "????.??.??"]
[Round "1.8"]
[White "Voisin, Ludovic"]
[Black "Mourot, Felix"]
[Result "0-1"]
[WhiteElo "2048"]
[BlackElo "2178"]
[PlyCount "112"]

1. d4 c5 2. d5 Nf6 3. Nf3 g6 4. g3 Bg7 5. Bg2 d6 6. O-O O-O 7. Nc3 Na6 8. e4
Nc7 9. a4 Rb8 10. Nd2 b6 11. Nb5 a6 12. Nxc7 Qxc7 13. Rb1 Bd7 14. c3 b5 15.
axb5 axb5 16. b4 Ng4 17. Qb3 Ra8 18. Nf3 Rfc8 19. h3 Nf6 20. Re1 cxb4 21. cxb4
Qc4 22. Qxc4 Rxc4 23. e5 Ne8 24. Bg5 Bf5 25. Bf1 Rc3 26. Ra1 Rb8 27. Nd4 Bxe5
28. Nc6 Rxc6 29. dxc6 Bxa1 30. Rxa1 f6 31. Be3 Be4 32. Rc1 Nc7 33. Ba7 Rc8 34.
Bb6 Na8 35. Be3 Rxc6 36. Bxb5 Rxc1+ 37. Bxc1 Nc7 38. Bd7 Bd3 39. Be3 Kf8 40.
Bb6 Nd5 41. Ba5 Nc3 42. f4 e5 43. fxe5 fxe5 44. Bd8 e4 45. Kf2 Kf7 46. Bg5 Bb5
47. Bc8 d5 48. Ke3 Ne2 49. Bh4 Bd3 50. Bd7 d4+ 51. Kd2 Nc3 52. Bg5 Bb5 53. Bc8
Nd5 54. Bd8 e3+ 55. Ke1 d3 56. Bg4 Nc3 0-1

[Event "Championnat de France - Open A"]
[Site "VAL D ISERE"]
[Date "????.??.??"]
[Round "1.9"]
[White "Delabaca, Romuald"]
[Black "Lefebvre, Pierre"]
[Result "1/2-1/2"]
[WhiteElo "2176"]
[BlackElo "2046"]
[PlyCount "46"]

1. e4 c5 2. Nf3 Nc6 3. d4 cxd4 4. Nxd4 Nf6 5. Nc3 e6 6. Ndb5 Bb4 7. a3 Bxc3+ 8.
Nxc3 d5 9. exd5 exd5 10. Bd3 O-O 11. O-O d4 12. Ne2 Bg4 13. f3 Bh5 14. Bg5 Bg6
15. Nf4 Qd6 16. Qd2 Bxd3 17. Nxd3 Nd5 18. Qf2 h6 19. Bd2 Rac8 20. Rfe1 Rfe8 21.
Rxe8+ Rxe8 22. Re1 Re6 23. Rxe6 Qxe6 1/2-1/2

[Event "Championnat de France - Open A"]
[Site "VAL D ISERE"]
[Date "????.??.??"]
[Round "1.10"]
[White "Miqueu, Eric"]
[Black "Regoli, Stephane"]
[Result "1/2-1/2"]
[WhiteElo "2044"]
[BlackElo "2176"]
[PlyCount "84"]

1. e4 c5 2. Nf3 e6 3. c3 Nc6 4. d4 cxd4 5. cxd4 Nf6 6. Nc3 d5 7. e5 Ne4 8. Bd3
Bb4 9. Bd2 Nxd2 10. Qxd2 Bd7 11. a3 Be7 12. b4 Rc8 13. O-O a6 14. Rac1 O-O 15.
Qc2 h6 16. Qd1 Na7 17. Qe2 a5 18. Qb2 axb4 19. axb4 Nc6 20. b5 Na5 21. Na4 Nc4
22. Qb3 Qa5 23. Nc3 Rc7 24. Ra1 Nd2 25. Nxd2 Qxc3 26. Rfc1 Qxc1+ 27. Rxc1 Rxc1+
28. Nf1 Rfc8 29. Qb2 R8c3 30. Qe2 Ra3 31. g3 Raa1 32. Qb2 Rd1 33. Kg2 Bf8 34.
Ne3 Rxd3 35. Qxa1 Bxb5 36. Qb2 Bc6 37. Nc2 Rd1 38. Ne3 Re1 39. Nc2 Re2 40. Qc3
Bc5 41. g4 b5 42. Kg3 Be7 1/2-1/2

[Event "Championnat de France - Open A"]
[Site "VAL D ISERE"]
[Date "????.??.??"]
[Round "2.1"]
[White "Deschamps, Remi"]
[Black "Aout, Sebastien"]
[Result "0-1"]
[WhiteElo "2098"]
[BlackElo "2198"]
[PlyCount "90"]

1. e4 c5 2. c3 Nf6 3. e5 Nd5 4. d4 cxd4 5. cxd4 e6 6. Nc3 d6 7. Nxd5 exd5 8. f4
Qb6 9. Nf3 Nc6 10. Be2 Be7 11. O-O Bf5 12. Qb3 Qxb3 13. axb3 Bc2 14. Bd1 Be4
15. Bd2 O-O 16. Be1 Rfd8 17. Bf2 Nb4 18. Nd2 Bd3 19. Re1 a6 20. e6 f5 21. Rc1
Rac8 22. Rc3 Be4 23. Be2 Na2 {#} 24. Nxe4 dxe4 25. Rxc8 Rxc8 26. g4 g6 27. gxf5
gxf5 28. Bf1 d5 29. Re3 Nb4 30. Rh3 Kg7 31. Bh4 Bxh4 32. Rxh4 Nc6 33. Bh3 Nxd4
34. Rh5 Kg6 35. Rg5+ Kf6 36. Rh5 Rg8+ 37. Kf2 Kxe6 38. Rxh7 Rf8 39. Rxb7 Rh8
40. Rb6+ Ke7 41. Ke3 Nc2+ 42. Kd2 Rxh3 43. Kxc2 d4 44. Rxa6 Rxh2+ 45. Kd1 d3
0-1

[Event "Championnat de France - Open A"]
[Site "VAL D ISERE"]
[Date "????.??.??"]
[Round "2.2"]
[White "Lecoq, Julien"]
[Black "Redon, Bruno"]
[Result "0-1"]
[WhiteElo "2094"]
[BlackElo "2190"]
[PlyCount "58"]

1. e4 c5 2. d4 e6 3. d5 Nf6 4. Nc3 d6 5. Bd3 g6 6. Nf3 Bg7 7. Bg5 O-O 8. O-O h6
9. Be3 a6 10. a4 e5 11. h3 Nh5 12. Qd2 f5 13. Bxh6 f4 14. Bxg7 Kxg7 15. Be2 Nd7
16. Nh2 Rh8 17. Bg4 Rb8 18. Qe2 Nhf6 19. Be6 b6 20. Qf3 Nh7 21. Rfd1 Ng5 22.
Qd3 Nf6 23. f3 Qc7 24. Ng4 c4 25. Qd2 Nxg4 26. hxg4 Qc5+ 27. Kf1 Rh1+ 28. Ke2
Rh2 29. Rg1 Nh3 0-1

[Event "Championnat de France - Open A"]
[Site "VAL D ISERE"]
[Date "????.??.??"]
[Round "2.3"]
[White "Flament, Frederic"]
[Black "Debray, Christopher"]
[Result "1-0"]
[WhiteElo "2093"]
[BlackElo "2185"]
[PlyCount "57"]

1. d4 Nf6 2. Nf3 g6 3. c4 Bg7 4. Nc3 d5 5. Bf4 c6 6. e3 O-O 7. Be2 Nh5 8. Bg5
h6 9. Bh4 g5 10. Nd2 Nf4 11. exf4 gxh4 12. Nf3 dxc4 13. Bxc4 Bg4 14. h3 Bxf3
15. Qxf3 Qxd4 16. Bb3 e5 17. f5 e4 18. Qh5 Qd3 19. Rd1 Bxc3+ 20. bxc3 Qxc3+ 21.
Ke2 Qf6 22. g3 Na6 23. gxh4 Nc5 24. Rhg1+ Kh7 25. Bxf7 Qxf7 26. Rg6 Qc4+ 27.
Ke1 Qc3+ 28. Kf1 Qxh3+ 29. Kg1 1-0

[Event "Championnat de France - Open A"]
[Site "VAL D ISERE"]
[Date "????.??.??"]
[Round "2.4"]
[White "Gelis, Dorian"]
[Black "Caroff, Frederic"]
[Result "1-0"]
[WhiteElo "2179"]
[BlackElo "2090"]
[PlyCount "119"]

1. e4 c5 2. Nc3 a6 3. g3 b5 4. Bg2 Bb7 5. Qe2 e6 6. f4 Nc6 7. d3 Nf6 8. Nd1 d5
9. e5 Nd7 10. Nf3 Be7 11. O-O Qc7 12. b3 g6 13. Bb2 d4 14. c3 dxc3 15. Nxc3 Qb6
16. Ne4 c4+ 17. Kh1 cxd3 18. Qxd3 Nb4 19. Qe2 Bxe4 20. Qxe4 Nd5 21. Nd4 Nc5 22.
Qe2 Rd8 23. Rad1 O-O 24. Nc2 b4 25. f5 Bg5 26. Qg4 Ne3 27. Qxg5 Nxd1 28. f6
Nf2+ 29. Kg1 Nce4 30. Bd4 Nxg5 $17 {Meilleur etait} (30... Qxd4 $1 {
qui donne un net avantage aux Noirs} 31. Nxd4 Nxg5 32. Kxf2 Rxd4 33. h4 Rd2+
34. Kg1 Rxa2 35. hxg5 Rd8 $19) 31. Bxb6 Nfh3+ 32. Kh1 Rb8 33. Be3 Rbc8 $2 34.
Nd4 h6 35. Nc6 Rxc6 36. Bxc6 Rc8 37. Rc1 Kh7 38. Kg2 Rd8 39. Bxg5 Nxg5 40. h4
Rd2+ 41. Kf1 Nh3 42. Be8 Rf2+ 43. Ke1 Rxa2 44. Rc7 Ng1 45. Rxf7+ Kg8 46. Rg7+
Kf8 47. Bc6 g5 48. hxg5 hxg5 49. Kf1 Ne2 50. Rxg5 Nd4 51. Bd7 Nxb3 52. Bxe6
Nd2+ 53. Ke2 Ne4+ 54. Bxa2 Nxg5 55. Ke3 a5 56. Bb3 Ke8 57. Kf4 Nh3+ 58. Kf5 Nf2
59. e6 Nd3 60. Ba4+ 1-0

[Event "Championnat de France - Open A"]
[Site "VAL D ISERE"]
[Date "????.??.??"]
[Round "2.5"]
[White "Trapp, Thibaut"]
[Black "Bouhlel, Mohamed"]
[Result "0-1"]
[WhiteElo "2090"]
[BlackElo "2178"]
[PlyCount "30"]

1. e4 e5 2. Nf3 Nc6 3. Bc4 Bc5 4. c3 Nf6 5. d3 a6 6. Bb3 d6 7. O-O O-O 8. Nbd2
Ba7 9. Re1 Ne7 10. d4 Ng6 11. Nf1 Bg4 12. h3 Bxf3 13. gxf3 Nh5 14. dxe5 Qh4 15.
Ne3 Nhf4 {#} 0-1

[Event "Championnat de France - Open A"]
[Site "VAL D ISERE"]
[Date "????.??.??"]
[Round "2.7"]
[White "Schoucair, Henry"]
[Black "Bodenez, Vincent"]
[Result "0-1"]
[WhiteElo "2085"]
[BlackElo "2174"]
[PlyCount "70"]

1. e4 e6 2. d4 d5 3. Nd2 Be7 4. c3 Nf6 5. e5 Nfd7 6. Bd3 c5 7. Ne2 Nc6 8. f4
cxd4 9. cxd4 O-O 10. O-O f6 11. Nf3 Qb6 12. Kh1 f5 13. Rg1 h5 14. h3 g6 15. g4
hxg4 16. hxg4 Kf7 17. gxf5 Rh8+ 18. Nh2 gxf5 19. Be3 Nf8 20. Qf1 Nb4 21. Qg2
Ke8 22. Bb1 Bd7 23. a3 Nc6 24. b4 a5 25. bxa5 Nxa5 26. Ba2 Nc4 27. Bc1 Bxa3 28.
Bxc4 dxc4 29. d5 Qc5 30. Qf3 c3 31. Rg3 Ra6 32. Bxa3 Rxa3 33. Rxa3 Qxa3 34.
Qxc3 Qa2 35. Rd3 Qxe2 0-1

[Event "Championnat de France - Open A"]
[Site "VAL D ISERE"]
[Date "????.??.??"]
[Round "2.8"]
[White "Boizante, Yvain"]
[Black "Lamouille, Patrick"]
[Result "1-0"]
[WhiteElo "2168"]
[BlackElo "2081"]
[PlyCount "73"]

1. e4 g6 2. d4 Bg7 3. Nc3 a6 4. Nf3 d6 5. Be3 Nf6 6. h3 b5 7. Bd3 O-O 8. Ne2
Nfd7 9. Qd2 c5 10. c3 Nc6 11. Bh6 cxd4 12. Bxg7 Kxg7 13. cxd4 Qa5 14. Rc1 Qxd2+
15. Kxd2 Nb4 16. Rc7 Nxd3 17. Kxd3 e5 18. Rc6 exd4 19. Rxd6 Re8 20. Rc1 Nf6 21.
e5 Bf5+ 22. Kxd4 Ne4 23. Rd5 Nxf2 24. Ke3 Ne4 25. g4 Nf6 26. Rd6 Nxg4+ 27. hxg4
Bxg4 28. Ned4 h5 29. Kf4 a5 30. Rc7 Bxf3 31. Nxf3 Rac8 32. Rdd7 Rxc7 33. Rxc7
Rd8 34. e6 Kf6 35. exf7 h4 36. Ng5 Rf8 37. Nh7+ 1-0

[Event "Championnat de France - Open A"]
[Site "VAL D ISERE"]
[Date "????.??.??"]
[Round "2.9"]
[White "Medghoul, Sherif"]
[Black "Sobry, Sebastien"]
[Result "1-0"]
[WhiteElo "2163"]
[BlackElo "2079"]
[PlyCount "63"]

1. d4 c5 2. d5 d6 3. c4 b5 4. cxb5 a6 5. bxa6 g6 6. g3 Bxa6 7. Bg2 Bg7 8. Nf3
Nf6 9. Nc3 Nbd7 10. Rb1 Nb6 11. b3 Bb7 12. Nh4 O-O 13. O-O Nfd7 14. Bb2 Bxc3
15. Bxc3 Rxa2 16. e4 Ba6 17. Re1 Ne5 18. Bxe5 dxe5 19. Ra1 Rxa1 20. Qxa1 Bb7
21. Qxe5 Nd7 22. Qg5 Qa5 23. Rc1 Re8 24. Qe3 Rc8 25. Bh3 Qb5 26. Nf3 Ba6 27. e5
Rc7 28. e6 Nf6 29. exf7+ Kxf7 30. Ng5+ Ke8 31. d6 Nd5 32. Qe6 1-0

[Event "Championnat de France - Open A"]
[Site "VAL D ISERE"]
[Date "????.??.??"]
[Round "2.10"]
[White "Duchateau, Thomas"]
[Black "Maubert, Nicolas"]
[Result "1-0"]
[WhiteElo "2154"]
[BlackElo "2071"]
[PlyCount "101"]

1. d4 Nf6 2. c4 e6 3. Nc3 d5 4. Nf3 Be7 5. Bg5 h6 6. Bxf6 Bxf6 7. e3 O-O 8. Qc2
c6 9. h4 g6 10. O-O-O a6 11. g4 Bg7 12. Ne5 Nd7 13. f4 Nxe5 14. fxe5 b5 15. c5
a5 16. b3 Bd7 17. Bd3 Qe7 18. Qg2 {#} 18... Be8 19. g5 h5 20. Kb2 Bxe5 21. dxe5
Qxc5 22. Qd2 Qb6 23. Bc2 c5 24. Ne2 Qc7 25. Kb1 Qxe5 26. Nf4 a4 27. Nd3 Qd6 28.
Qc3 axb3 29. axb3 c4 30. Nb4 Qb6 31. Kb2 cxb3 32. Bxb3 Bd7 33. Ra1 Rac8 34. Qd4
Qxd4+ 35. exd4 Ra8 36. Rxa8 Rxa8 37. Rc1 Rc8 38. Rxc8+ Bxc8 39. Kc3 Kg7 40. Nc6
f6 41. Kb4 fxg5 42. hxg5 Bd7 43. Kxb5 Kf7 44. Kc5 Bxc6 45. Kxc6 Ke7 46. Bd1 e5
47. Kxd5 exd4 48. Kxd4 Ke6 49. Ke4 Kd6 50. Kf4 Kd5 51. Bc2 1-0

[Event "Championnat de France - Open A"]
[Site "VAL D ISERE"]
[Date "????.??.??"]
[Round "3.1"]
[White "Aout, Sebastien"]
[Black "Jolly, Jean-Francois"]
[Result "1-0"]
[WhiteElo "2198"]
[BlackElo "2117"]
[PlyCount "97"]

1. e4 e5 2. Nf3 Nc6 3. Bb5 a6 4. Ba4 Nf6 5. O-O Be7 6. Re1 b5 7. Bb3 O-O 8. a4
b4 9. Bd5 Bd6 10. Ba2 Re8 11. c3 Bf8 12. d3 h6 13. d4 exd4 14. e5 Nh7 15. cxd4
d5 16. Qc2 Ne7 17. Bf4 Bf5 18. Qd1 Rc8 19. Nbd2 Ng6 20. Bg3 c5 21. dxc5 Bxc5
22. Nb3 Ba7 23. Nfd4 Bd7 24. Bb1 Qg5 25. Qd3 Nhf8 26. Qxa6 Bxd4 27. Nxd4 Qd2
28. Nf3 Qxb2 29. Ra2 Qb3 30. a5 Qc4 31. Qb6 b3 32. Rb2 Rb8 33. Qe3 {#} 33...
Ba4 $6 34. Nd4 Rb4 35. Nf5 d4 36. Qe4 Qc3 37. Rbe2 Bc6 38. Qd3 Bb5 39. Qd1 Bxe2
40. Rxe2 b2 41. Rc2 Qa3 42. Nd6 Re7 43. Rc8 d3 44. h4 Nxe5 45. Bxe5 Rxe5 46.
Nxf7 Re2 47. Nd6 Rxh4 48. g3 Qxa5 49. Qb3+ 1-0

[Event "Championnat de France - Open A"]
[Site "VAL D ISERE"]
[Date "????.??.??"]
[Round "3.3"]
[White "Picard, Clement"]
[Black "Gelis, Dorian"]
[Result "0-1"]
[WhiteElo "2119"]
[BlackElo "2179"]
[PlyCount "76"]

1. e4 d6 2. d4 Nf6 3. Nc3 Nbd7 4. Nf3 e5 5. Bc4 Be7 6. O-O O-O 7. Re1 c6 8. a4
b6 9. b3 a6 10. d5 Bb7 11. Ba3 Qc7 12. dxc6 Bxc6 13. Qe2 Qb7 14. Rad1 b5 15.
Nd5 Bd8 16. Bd3 Bxd5 17. exd5 b4 18. Bc1 Nc5 19. Ng5 h6 20. Ne4 Nfxe4 21. Bxe4
Nxe4 22. Qxe4 f5 23. Qd3 Rc8 24. Bb2 Rf7 25. Re2 Rc5 26. f4 e4 27. Qg3 Rxd5 28.
Red2 Rxd2 29. Rxd2 Bb6+ 30. Kh1 e3 31. Rxd6 Qc7 32. Rg6 e2 33. Be5 Bf2 34. Qxf2
Qxc2 35. h3 Qd1+ 36. Kh2 e1=Q 37. Qb6 Qh1+ 38. Kg3 Qde1+ 0-1

[Event "Championnat de France - Open A"]
[Site "VAL D ISERE"]
[Date "????.??.??"]
[Round "3.4"]
[White "Bouhlel, Mohamed"]
[Black "Daligault, Jean"]
[Result "0-1"]
[WhiteElo "2178"]
[BlackElo "2112"]
[PlyCount "72"]

1. e4 e6 2. d4 d5 3. e5 c5 4. c3 Nc6 5. Nf3 Bd7 6. Be2 f6 7. exf6 Nxf6 8. O-O
cxd4 9. cxd4 Bd6 10. Nc3 O-O 11. Bg5 Qb6 12. Na4 Qc7 13. Nc3 a6 14. Bd3 Be8 15.
Qe1 Bf7 16. Bh4 Rae8 17. Rc1 Bh5 18. Ne5 Bxe5 19. dxe5 Qxe5 20. Qd2 Qd4 21. Bg5
Kh8 22. Be3 Qb4 23. a3 Qd6 24. Bf4 e5 25. Bg3 Qd7 26. Na4 e4 27. Nc5 Qe7 28.
Bb1 Ne5 29. Qb4 Qf7 30. Nxb7 {#} 30... Nf3+ 31. Kh1 Qg6 32. Rc7 Ng4 33. gxf3
Nxh2 34. Kxh2 Bxf3 35. Kg1 Qh5 36. Bh2 Qg4+ 0-1

[Event "Championnat de France - Open A"]
[Site "VAL D ISERE"]
[Date "????.??.??"]
[Round "3.5"]
[White "Debray, Tristan"]
[Black "Mourot, Felix"]
[Result "1-0"]
[WhiteElo "2114"]
[BlackElo "2178"]
[PlyCount "137"]

1. e4 e6 2. d3 d5 3. Nd2 Nf6 4. g3 Nc6 5. Bg2 e5 6. exd5 Nxd5 7. Ngf3 Be7 8.
O-O O-O 9. Re1 f6 10. c3 Nb6 11. Qb3+ Kh8 12. d4 Bd6 13. dxe5 fxe5 14. Ne4 Na5
15. Qc2 Bf5 16. Qe2 Qc8 17. Bg5 Nc6 18. Nh4 Bg4 19. Qd3 Qd7 20. Nxd6 cxd6 21.
Be4 d5 {#} 22. Bxh7 e4 23. Bxe4 dxe4 24. Qxe4 Bf5 25. Nxf5 Qxf5 26. Qxf5 Rxf5
27. Be3 Ne5 28. Kg2 Nbc4 29. b3 Nxe3+ 30. Rxe3 Ng4 31. Re2 Rd8 32. Rae1 Rd3 33.
h3 Nf6 34. c4 Rdf3 35. g4 R5f4 36. Rf1 Rc3 37. f3 Rd4 38. Rff2 Rd7 39. h4 Kg8
40. Re5 Kf7 41. Rf5 Rcd3 42. Re2 Rd2 43. Kf2 Rxe2+ 44. Kxe2 Ke6 45. h5 Ne8 46.
Rg5 Nc7 47. Ke3 Kf7 48. Rf5+ Ke6 49. h6 gxh6 50. Rh5 Kf6 51. Rxh6+ Kg7 52. Rh5
Re7+ 53. Kd4 Re2 54. Re5 Ne6+ 55. Kd5 Nc7+ 56. Kd6 Ne8+ 57. Ke6 Rxa2 58. f4
Ra6+ 59. Ke7 Nf6 60. g5 Ng8+ 61. Kd7 Rb6 62. Rb5 Rxb5 63. cxb5 b6 64. f5 Kf7
65. f6 Nxf6+ 66. gxf6 Kxf6 67. Kc6 Ke6 68. Kb7 Kd6 69. Kxa7 1-0

[Event "Championnat de France - Open A"]
[Site "VAL D ISERE"]
[Date "????.??.??"]
[Round "3.6"]
[White "Bodenez, Vincent"]
[Black "Laval, Brice"]
[Result "1-0"]
[WhiteElo "2174"]
[BlackElo "2106"]
[PlyCount "41"]

1. e4 d6 2. d4 Nf6 3. Nc3 Nbd7 4. g4 h6 5. Be3 e5 6. h3 c6 7. Bg2 Qc7 8. Nge2
a6 9. O-O b5 10. Ng3 Bb7 11. Qd2 Rd8 12. f4 g6 13. g5 hxg5 14. fxg5 Nh5 15. Qf2
Nf4 16. Bxf4 exf4 17. Qxf4 Rh7 18. Rae1 b4 19. Na4 Nb6 20. e5 dxe5 21. Qxe5+
1-0

[Event "Championnat de France - Open A"]
[Site "VAL D ISERE"]
[Date "????.??.??"]
[Round "3.7"]
[White "Marin, Sebastien"]
[Black "Boizante, Yvain"]
[Result "1-0"]
[WhiteElo "2112"]
[BlackElo "2168"]
[PlyCount "103"]

1. Nf3 Nf6 2. g3 g6 3. Bg2 Bg7 4. O-O O-O 5. d3 c5 6. Nc3 Nc6 7. Rb1 d5 8. a3
e5 9. Bg5 Be6 10. b4 cxb4 11. axb4 Qc7 12. Na4 Nd7 13. c3 b5 14. Nc5 Nxc5 15.
bxc5 Rfb8 16. d4 f6 17. Be3 Bf5 18. Nh4 Bxb1 19. Bxd5+ Kh8 20. Qxb1 Rd8 21. Qe4
Rxd5 22. Qxd5 Rd8 23. Qb3 Qd7 24. Nf3 Na5 25. Qa2 Nc4 26. Qa6 f5 27. c6 Qc7 28.
Qxb5 Nxe3 29. fxe3 Rb8 30. Qc5 Rc8 31. Rb1 h6 32. Rb7 Qxc6 33. Qe7 Qf6 34. Nxe5
a5 35. Qxf6 Bxf6 36. Nxg6+ Kg8 37. Ne7+ Bxe7 38. Rxe7 Rxc3 39. Kf2 a4 40. Re5
Kg7 41. Rxf5 Rc1 42. Ra5 Ra1 43. Ra6 a3 44. e4 a2 45. d5 Kf7 46. g4 h5 47. gxh5
Rh1 48. Rxa2 Rxh2+ 49. Ke3 Rxh5 50. Kd4 Ke7 51. e5 Kd8 52. d6 1-0

[Event "Championnat de France - Open A"]
[Site "VAL D ISERE"]
[Date "????.??.??"]
[Round "3.9"]
[White "Lachaux, Jerome"]
[Black "Duchateau, Thomas"]
[Result "1/2-1/2"]
[WhiteElo "2099"]
[BlackElo "2154"]
[PlyCount "66"]

1. e4 c5 2. d4 cxd4 3. c3 dxc3 4. Nxc3 Nc6 5. Nf3 e6 6. Bc4 a6 7. O-O Nge7 8.
Qe2 Ng6 9. Be3 b5 10. Bb3 Be7 11. Nd4 Nxd4 12. Bxd4 O-O 13. f4 f5 14. exf5 Rxf5
15. Bc2 Bc5 16. Bxc5 Rxc5 17. Bxg6 hxg6 18. Qe4 Rb8 19. Qxg6 d5 20. Rad1 Qf6
21. Qe8+ Qf8 22. Qxf8+ Kxf8 23. f5 exf5 24. Rxd5 Rxd5 25. Nxd5 g6 26. g4 Kf7
27. h4 Bb7 28. Ne3 Re8 29. Kf2 f4 30. Ng2 f3 31. Ne3 Rd8 32. Rd1 Rxd1 33. Nxd1
Ke6 1/2-1/2

[Event "Championnat de France - Open A"]
[Site "VAL D ISERE"]
[Date "????.??.??"]
[Round "3.10"]
[White "Soyez, Cyril"]
[Black "Flament, Frederic"]
[Result "1/2-1/2"]
[WhiteElo "2144"]
[BlackElo "2093"]
[PlyCount "87"]

1. c4 e5 2. g3 Nf6 3. Bg2 Nc6 4. Nc3 Bb4 5. Nd5 O-O 6. e3 Re8 7. Ne2 a5 8. O-O
Bf8 9. f4 d6 10. d4 exd4 11. Nxd4 Nxd4 12. Qxd4 Nxd5 13. cxd5 f5 14. Bd2 Be7
15. Bc3 Bf6 16. Qd2 b6 17. Rac1 Ra7 18. Rfe1 Bd7 19. Qd3 Bxc3 20. Rxc3 Qf6 21.
Rec1 Rc8 22. b3 g6 23. a4 Kg7 24. h4 h5 25. Kh2 Be8 26. R1c2 Bd7 27. Bh3 Kf7
28. Qe2 Qe7 29. e4 fxe4 30. Bxd7 Qxd7 31. Qxe4 Re8 32. Qd4 Qe7 33. Rf2 Qf6 34.
Qd2 Qf5 35. Qd4 Qf6 36. Qd2 Qf5 37. Rc6 Re7 38. Qd4 Qf6 39. Qd1 Qf5 40. Rfc2
Rb7 41. Qd4 Qf6 42. Qd2 Qf5 43. Rc1 Qe4 44. R1c3 1/2-1/2